Rasgos históricos de la horticultura / (Record no. 5181)

MARC details
000 -LEADER
fixed length control field 00696nam a22001817a 4500
003 - CONTROL NUMBER IDENTIFIER
control field AR-FvUNAJ
005 - DATE AND TIME OF LATEST TRANSACTION
control field 20200207124038.0
008 - FIXED-LENGTH DATA ELEMENTS--GENERAL INFORMATION
fixed length control field 200207b ag ||||| |||| 00| e spa d
040 ## - CATALOGING SOURCE
Transcribing agency AR-FvUNAJ
082 14 - DEWEY DECIMAL CLASSIFICATION NUMBER
Classification number 635.09
Edition number 14
100 1# - MAIN ENTRY--PERSONAL NAME
Personal name Gentile, Nicolás Tomás
9 (RLIN) 8675
245 10 - TITLE STATEMENT
Title Rasgos históricos de la horticultura /
Remainder of title Nicolás Tomás Gentile.
260 ## - PUBLICATION, DISTRIBUTION, ETC. (IMPRINT)
Place of publication, distribution, etc Santiago del Estero :
Name of publisher, distributor, etc El Liberal,
Date of publication, distribution, etc 2007.
300 ## - PHYSICAL DESCRIPTION
Extent 101 p.
500 ## - GENERAL NOTE
General note Este libro es un ensayo de carácter histórico, comprende los relieves notables de la horticultura dese el fondo del tiempo, desde su prehistoria hasta fines de la historia hortícola.
650 27 - SUBJECT ADDED ENTRY--TOPICAL TERM
Topical term or geographic name as entry element HORTICULTURA
Source of heading or term agrovoc
9 (RLIN) 5112
942 ## - ADDED ENTRY ELEMENTS (KOHA)
Source of classification or shelving scheme Dewey Decimal Classification
Koha item type Libro, folleto, traducción
Holdings
Withdrawn status Lost status Source of classification or shelving scheme Damaged status Not for loan Home library Current library Date acquired Source of acquisition Total Checkouts Full call number Barcode Date last seen Date checked out Price effective from Koha item type
    Dewey Decimal Classification   Consultar Disponibilidad Biblioteca Central Biblioteca Central 07/02/2020 Donación 1 635.09 GEN UNAJ20020041 17/03/2025 17/04/2024 07/02/2020 Libro, folleto, traducción

Lunes a Viernes 8:30 a 19:00 hs. Cerrado por mudanza
Av.Calchaqui 6200 Florencio Varela (CP188) 2°piso Edificio Mosconi Aula 209-210
Mail: bibliotecacentralunaj@gmail.com  
Whatsapp(54 9)1122668024    ❔Pregunte a la bibliotecaria
© Universidad Nacional Arturo Jauretche | Secretaría Académica | Biblioteca Central UNAJ